Cloud Computing And SOA Convergence In Your Entrerprise (Record no. 325624)

MARC details
000 -LEADER
fixed length control field 00511nam a2200169Ia 4500
008 - FIXED-LENGTH DATA ELEMENTS--GENERAL INFORMATION
fixed length control field 230718s9999 xx 000 0 und d
020 ## - INTERNATIONAL STANDARD BOOK NUMBER
International Standard Book Number 9788131733585
041 ## - LANGUAGE CODE
Language code of text/sound track or separate title eng
082 ## - DEWEY DECIMAL CLASSIFICATION NUMBER
Classification number 006.7'8
Item number LIN
100 ## - MAIN ENTRY--PERSONAL NAME
Personal name Linthicum D.S.
9 (RLIN) 125738
245 ## - TITLE STATEMENT
Title Cloud Computing And SOA Convergence In Your Entrerprise
Remainder of title A Step-By-Step Guide
260 ## - PUBLICATION, DISTRIBUTION, ETC. (IMPRINT)
Date of publication, distribution, etc. 2010
Name of publisher, distributor, etc. Pearson Education
300 ## - PHYSICAL DESCRIPTION
Extent 239
365 ## - TRADE PRICE
Currency code Rs.
Price amount 399.00
700 ## - ADDED ENTRY--PERSONAL NAME
Personal name Linthicum D.S.
9 (RLIN) 125738
906 ## - LOCAL DATA ELEMENT F, LDF (RLIN)
d O:0105226-Aug-2010B:491807-Aug-2010
c IT
b 79.8
Holdings
Withdrawn status Lost status Damaged status Not for loan Home library Current library Date acquired Vendor Budget Code Cost, normal purchase price Bill number Total Checkouts Full call number Barcode Date last seen Discount Cost, replacement price Bill Date Koha item type Original Barcode
        Cummins College of Engineering for Women Pune Cummins College of Engineering for Women Pune 26/08/2010 Tbs IT 319.20 4918   006.7'8 CCEP-BK-36831 18/07/2023 79.8 399.00 07/08/2010 Books 036831